Jobs by Teddy Bears II Quiz Stats

 Plays Quiz Updated Jan 24, 2018

Score 0/15 Timer 02:00
5 Plays Today
% Correct
Hairdresser
96.9%
Astronaut
96.2%
Miner
95.3%
Sailor
94.9%
Flight Attendant
94.3%
Baker
94%
Teacher
93.5%
Chimney Sweep
92%
% Correct
Veterinarian
91.3%
Physician
90.7%
Matador
90.6%
Bellboy
90.3%
Nurse
89.8%
Gangster
86%
Croupier
85.8%

You're not logged in!

Compare scores with friends on all Sporcle quizzes.
OR
Log In

You Might Also Like...

Show Comments

Extras

Top Quizzes Today


Score Distribution

Your Account Isn't Verified!

In order to create a playlist on Sporcle, you need to verify the email address you used during registration. Go to your Sporcle Settings to finish the process.

Report this User

Report this user for behavior that violates our Community Guidelines.

Details: